Tram di Venezia - Statistics

Statistiche generali
  • Questo quiz è stato fatto 16 volte
  • Il punteggio medio è 10 su 37
Statistiche sulle risposte
Risposta % Corretto
Mestre Centro (Piazzale Cialdini)
100%
Mestre Centro (Piazzale Cialdini)
100%
Salamonio (Marghera)
75%
Mercato
63%
Monte Celo (Favaro Veneto)
63%
San Giuliano
63%
Sernaglia
63%
Stazione FS
63%
Forte Marghera
50%
San Marco
50%
Sansovino
50%
Venezia Piazzale Roma
50%
La Piazza
38%
Cervino
25%
Sant'Antonio
25%
Beccaria
13%
Cappuccina
13%
Cattaneo
13%
Emmer
13%
Lavelli
13%
Manuzio
13%
Marmolada
13%
Molmenti
13%
Olivi
13%
Rielta
13%
Serravalle
13%
Bissuola
0%
Boerio
0%
Bottenigo
0%
Giovannacci
0%
Oberdan
0%
Pasqualigo
0%
Pastrello
0%
Pineta
0%
San Donà
0%
Villa Erizzo
0%
Volturno
0%
Nessun quiz corrispondente trovato
Distribuzione punteggi
Percentuale di utenti per punteggio
Percentile per numero di risposta
I tuoi punteggi nel tempo
Non hai fatto questo quiz